Task difficulty modulates voluntary attention allocation, but not distraction in an auditory distraction paradigm

Elmentve itt :
Bibliográfiai részletek
Szerzők: Volosin Márta
Horváth János
Dokumentumtípus: Cikk
Megjelent: 2020
Sorozat:BRAIN RESEARCH 1727
doi:10.1016/j.brainres.2019.146565

mtmt:31033193
Online Access:http://publicatio.bibl.u-szeged.hu/20495
LEADER 00882nab a2200217 i 4500
001 publ20495
005 20210317101743.0
008 210129s2020 hu o 0|| zxx d
022 |a 0006-8993 
024 7 |a 10.1016/j.brainres.2019.146565  |2 doi 
024 7 |a 31033193  |2 mtmt 
040 |a SZTE Publicatio Repozitórium  |b hun 
041 |a zxx 
100 1 |a Volosin Márta 
245 1 0 |a Task difficulty modulates voluntary attention allocation, but not distraction in an auditory distraction paradigm  |h [elektronikus dokumentum] /  |c  Volosin Márta 
260 |c 2020 
300 |a Terjedelem: 10-Azonosító: 146565 
490 0 |a BRAIN RESEARCH  |v 1727 
700 0 1 |a Horváth János  |e aut 
856 4 0 |u http://publicatio.bibl.u-szeged.hu/20495/1/Volosin_Horvath_2020.pdf  |z Dokumentum-elérés  
856 4 0 |u http://publicatio.bibl.u-szeged.hu/20495/2/Volosin_Horvath_2020_cimlap.pdf  |z Dokumentum-elérés